LEADER 00469nab a2200145 i 4500 001 000000312445 003 CaOOAMICUS 005 20180831173052.0 008 180831n xx uu u0 0und r 013 $a21537 040 $aSeMil$bita 100 1 $aBettazzi, Rodolfo.$0(OLS)http://semarc/name/14592 245 14$aGli insegnamenti morali della guerra. 773 0 $t[Gennaio-Aprile].$g240-242$w()274196 996 $6245$aGli insegnamenti morali della guerra$9(OLS)http://semarc/title/386864 LEADER 00594nab a2200145 i 4500 001 000000310538 003 CaOOAMICUS 005 20180831173015.0 008 180831n xx uu u0 0und r 013 $a19630 040 $aSeMil$bita 100 1 $aCasoli, Pier Biagio <1852-1905>.$0(OLS)http://semarc/name/23409 245 14$aUna pagina della nostra storia d?oggi. Monito pel nostro avvenire. (Ai Cattolici Italiani) 773 0 $t[Gennaio-Giugno].$g299-325$w()273962 996 $6245$aUna pagina della nostra storia d?oggi. Monito pel nostro avvenire. (Ai Cattolici Italiani)$9(OLS)http://semarc/title/385313